CRACKING THE TOEFL IBT WITH AUDIO EXERCISES ON CD 2013:PROVEN TECHNIQUES FOR HIGHER SCORE (Record no. 34187)
[ view plain ]
| 000 -LEADER | |
|---|---|
| fixed length control field | 00402nam a22001457a 4500 |
| 020 ## - INTERNATIONAL STANDARD BOOK NUMBER | |
| International Standard Book Number | 9780307944689 |
| 082 ## - DEWEY DECIMAL CLASSIFICATION NUMBER | |
| Classification number | 428 CRA |
| 100 ## - MAIN ENTRY--PERSONAL NAME | |
| Personal name | FRANEK, ROB |
| 245 ## - TITLE STATEMENT | |
| Title | CRACKING THE TOEFL IBT WITH AUDIO EXERCISES ON CD 2013:PROVEN TECHNIQUES FOR HIGHER SCORE |
| 260 ## - PUBLICATION, DISTRIBUTION, ETC. | |
| Place of publication, distribution, etc. | NEW YORK |
| Name of publisher, distributor, etc. | RANDOM HOUSE |
| Date of publication, distribution, etc. | 2013 |
| 300 ## - PHYSICAL DESCRIPTION | |
| Extent | 541P |
| 650 ## - SUBJECT ADDED ENTRY--TOPICAL TERM | |
| Topical term or geographic name entry element | TOFEL 2013. |
| 700 ## - ADDED ENTRY--PERSONAL NAME | |
| Personal name | PIERCE, DOUGLAS KINSELL, SEAN |
| 942 ## - ADDED ENTRY ELEMENTS (KOHA) | |
| Koha item type | Book |
| Withdrawn status | Lost status | Source of classification or shelving scheme | Damaged status | Not for loan | Permanent Location | Current Location | Shelving location | Date acquired | Total Checkouts | Full call number | Barcode | Date last seen | Date last checked out | Price effective from | Koha item type |
|---|---|---|---|---|---|---|---|---|---|---|---|---|---|---|---|
| School of Mechanical & Manufacturing Engineering (SMME) | School of Mechanical & Manufacturing Engineering (SMME) | Book Bank | 08/02/2016 | 1 | 428.24076 | SMME-BB293 | 09/11/2023 | 07/25/2023 | 08/02/2016 | Book |
